01297cam a22003375a 4500999001700000001001000017003000300027005001700030008004100047015001900088020001800107020001500125040004600140082002000186100002900206245004100235250001200276260004000288300004200328500002900370504005100399650002900450650005000479651001000529653002600539655001700565942000800582952011800590952013300708952011800841 c26841d26813018572028Uk20180902120211.0161226t2017 enka frb 001 0 eng d aGBB7K56262bnb z9781292100111 z1292100117 aYDXbengcYDXdOCLCOdOCLCFdUkdEG-ScBUE04a658.84bHOL22210aHollensen, Svend.91312710aGlobal marketing /cSvend Hollensen. a7th ed. aHarlow :bPearson Education,c2017. axliv, 825 p. :bill. (col.) ;c27 cm. aPrevious edition : 2014. aIncludes bibliographical references and index. 7aExport marketing.2BUEsh 7aExport marketingvCase studies.2BUEsh913129 2BUEsh bBUSADMcSeptember2018 vReading book 2ddc 00102ddc40708BaccahaMAINbMAINc1STd2018-09-02ePurchasel0o658.84 HOLp000043445r2025-07-15 00:00:00yBB 00102ddc40708BaccahaMAINbMAINc1STd2018-09-02ePurchasel2m1o658.84 HOLp000043446r2025-07-15 00:00:00s2019-03-21yBB 00102ddc40708BaccahaMAINbMAINc1STd2018-09-02ePurchasel0o658.84 HOLp000043447r2025-07-15 00:00:00yBB